000 01329cam a2200301 i 4500
003 SA_RiAUC
005 20250526064100.0
008 250522s2009____su g 000 0 ara c
020 _a9789960983066
040 _aSA-JeALM
_bara
_cSA-RiAUC
_erda
082 0 4 _a212
090 _a212
_b ح ا ز
100 _aالحازمي، عبد الرحمن بن سعيد بن حسين
_eمؤلف.
245 1 2 _aالبشارة في القرآن الكريم ومضامينها التربوية /
_cتأليف عبد الرحمن بن سعيد الحازمي ؛ تقديم صالح بن عبد العزيز آل الشيخ.
250 _aالطبعة الأولى.
264 1 _aجدة :
_bشمس الطباعة.
_c2009
300 _a161 صفحة ؛
_c23 سم
336 _aنص
_btxt
_2rdacontent
_3كتاب
337 _aبدون وسيط
_bn
_2rdamedia
338 _aمجلد
_bnc
_2rdacarrier
500 _aإهداء من المؤلف عبد الرحمن بن سعيد الحازمي بتاريخ 1433/6/14 هـ
630 2 7 _aالقرآن
_xمباحث عامة
_2aucut
650 7 _aالتربية الإسلامية
_2aucsh
700 1 _aالشيخ، صالح بن عبد العزيز بن محمد
_d1378 هجري-
_eمقدم.
730 2 2 _aالقرآن
942 _2ddc
_cBOOK
_n0
949 _aSA-JeALM
_d250522
_umohamedma123
_n1
999 _c8362
_d8362